F1 Season: 1968 Race Winners - Statistics

General Stats
  • This quiz has been taken 82 times
  • The average score is 10 of 12
Answer Stats
Grand Prix Driver % Correct
South African Jim Clark
95%
Spanish Graham Hill
92%
Monaco Graham Hill
92%
Mexican Graham Hill
92%
Italian Denny Hulme
89%
Canadian Denny Hulme
89%
Dutch Jackie Stewart
89%
German Jackie Stewart
89%
United States Jackie Stewart
89%
French Jacky Ickx
73%
Belgian Bruce McLaren
60%
British Jo Siffert
44%
No matching quizzes found
Score Distribution
Percent of People with Each Score
Percentile by Number Answered
Your Score History
You have not taken this quiz